00435nam a22001457a 450000500170000001000130001702000120003003500130004203700330005508200080008810000160009624500850011226000500019730000420024720190613153019.0 aB-122212 a8188237 aB-122212 bI.K. International Pvt. Ltd. a576 aJohri, B.N. aMicrobial diversity current perspecties and potential applications /cB.N. Johri aNew DelhibI.K. International Pvt. Ltd.c2005 a1133pb(it include index)c24cm (hbk)